Roget's thesaurus of English words and phrases. (Record no. 9522)

MARC details
000 -LEADER
campo de control de longitud fija 00641nam a2200217 i 4500
001 - NÚMERO DE CONTROL
campo de control 9522
003 - IDENTIFICADOR DE NÚMERO DE CONTROL
campo de control ES-MaACL
005 - FECHA Y HORA DE LA ÚLTIMA TRANSACCIÓN
campo de control 20230906145707.0
007 - CAMPO FIJO DE DESCRIPCIÓN FÍSICA--INFORMACIÓN GENERAL
campo de control de longitud fija t|
008 - DATOS DE LONGITUD FIJA--INFORMACIÓN GENERAL
campo de control de longitud fija 931007s1987 xxk ||||1| eng d
020 ## - NÚMERO INTERNACIONAL ESTÁNDAR DEL LIBRO
Número Internacional Estándar del Libro 0-582-89363-1
080 ## - NÚMERO DE LA CLASIFICACIÓN DECIMAL UNIVERSAL
Número de la Clasificación Decimal Universal 42.3
245 00 - MENCIÓN DEL TÍTULO
Título Roget's thesaurus of English words and phrases.
250 ## - MENCION DE EDICION
Mención de edición New ed., repr.
Resto de la mención de edición prepared by Betty Kirkpatrick.
260 ## - PUBLICACIÓN, DISTRIBUCIÓN, ETC.
Lugar de publicación, distribución, etc. Essex :
Nombre del editor, distribuidor, etc. Longman,
Fecha de publicación, distribución, etc. 1987 (
Fecha de fabricación/manufactura 1991 repr.)
300 ## - DESCRIPCIÓN FÍSICA
Extensión XLIX, 1254 p. ;
Dimensiones 22 cm.
650 14 - PUNTO DE ACCESO ADICIONAL DE MATERIA--TÉRMINO DE MATERIA
Término de materia o nombre geográfico como elemento de entrada Lengua inglesa-
Subdivisión de forma Diccionarios.
9 (RLIN) 14269
700 1# - ENTRADA AGREGADA--NOMBRE PERSONAL
Nombre de persona Kirkpatrick, Betty,
Término indicativo de función/relación
9 (RLIN) 195938
852 ## - LOCALIZACIÓN
Ubicación ES-MaACL
Número de control de estantería L-16842
Sublocalización o colección R.121549
Holdings
Estatus retirado Estado de pérdida Estado de daño No para préstamo Biblioteca de origen Biblioteca actual Ubicación en estantería Fecha de adquisición Fuente de adquisición Total de préstamos Signatura topográfica completa Código de barras Visto por última vez Precio de reemplazo Tipo de ítem Koha
        Biblioteca del Ateneo de Madrid Biblioteca del Ateneo de Madrid Depósito 2 17/01/2008     L-16842 1009715 23/02/2023 23/02/2023 Libro impreso